| 000 | 00331nam a22001337a 4500 | ||
|---|---|---|---|
| 040 | _cNUST | ||
| 082 |
_a629.1 _bNEW |
||
| 100 |
_aNewman, Dava _958463 |
||
| 245 |
_aInteractive Aerospace Engineering and Design/ _cDava Newman |
||
| 260 |
_aNew York : _bMcGraw-Hill ; _c2002. |
||
| 300 | _a356p. | ||
| 521 | _aHB | ||
| 942 |
_2ddc _cBK |
||
| 999 |
_c606771 _d606771 |
||